Disney Channel Quiz - Statistics

General Stats
  • This quiz has been taken 141 times
    136 since last reset
  • The average score is 8 of 22
Answer Stats
Question Answer % Correct
How many circles are on Mr Davenports logo from Lab Rats? 3
80%
What former Disney Channel show is Girl Meets World a spinoff of? Boy Meets World
74%
What state is Jessie from in Jessie? Texas
74%
How many Diaz kids are in Stuck In The Middle? 7
67%
What Ross kid doesn't star in Bunk'd? Luke Ross
65%
According to Phineas And Ferb, how many days of summer vacation are there? 104
60%
What is the youngest Duncans name in Good Luck Charlie? Toby Duncan
59%
What power do Sid and Shelby have in Best Friends Whenever? Time Travel
44%
What is the talking dogs name in Dog With A Blog? Stan
42%
What show combined with Lab Rats to create Lab Rats Elite Force? Mighty Med
39%
What song makes Austin famous in Austin And Ally? Double Take
38%
Who is Cece Jones' younger brother in Shake It Up? Flynn Jones
27%
Who does Dipper have a crush on in Gravity Falls? Wendy Corduroy
27%
Where is Mighty Med? Hospital Supply Closet
24%
What sport do they do in Zeke And Luther? Skateboarding
22%
What town is Liv And Maddie based in? Wisconsin
22%
Who owns the falafel store in Kickin' It? Falafel Phil
20%
Who is Dare Me Bro in Bizaarvark? Dirk Mann
16%
What does A.N.T stand for in ANT Farm? Advanced Natural Talents
15%
Who is the older twin in I Didn't Do It? Lindy Watson
13%
Who is Kirby Buckets older sister? Dawn Buckets
5%
What's the name of the island in Pair Of Kings? Kinkou
0%
No matching quizzes found
Score Distribution
Percent of People with Each Score
Percentile by Number Answered
Your Score History
You have not taken this quiz since the last reset